000 00870nam a22002177a 4500
008 100718s2006 xxu||||| |||| 00| 0 ara d
082 _222
_a133.542
_bف ر ح
100 1 _916344
_aفرح ، ماغي
245 _a2006 سنة الانهيارات الدراماتيكية /
_cماغي فرح
260 _aبيروت :
_bدار الميم ،
_c2006.
300 _a607 ص ؛
_c24 سم.
541 _aألف باء ؛
_cشراء ؛
600 _916344
_aفرح ، ماغي
650 _916346
_aالتنجيم
650 _916347
_aالتنبؤات
650 _915148
_aالفلك
650 _916348
_aالابراج
650 _916349
_aالبروج ( الفلك)
942 _2ddc
_cBB
999 _c14491
_d14491